[Event "FIN-chT 1819"]
[Site "Finland"]
[Date "2019.04.07"]
[Round "11.1"]
[White "Sepp, Olav"]
[Black "Sklyarov, Dmitry V"]
[Result "0-1"]
[WhiteElo "2439"]
[BlackElo "2462"]
[PlyCount "78"]
[EventDate "2018.09.15"]
[EventType "team-tourn"]
[EventRounds "11"]
[EventCountry "FIN"]
[SourceTitle "CBM 189 Extra"]
[Source "ChessBase"]
[SourceDate "2019.05.31"]
[SourceVersion "1"]
[SourceVersionDate "2019.05.31"]
[SourceQuality "1"]
[WhiteTeam "Vantaa EtVaS"]
[BlackTeam "Jyvaskyla JyS"]
[WhiteTeamCountry "FIN"]
[BlackTeamCountry "FIN"]

1. Nf3 g6 2. d4 Nf6 3. g3 Bg7 4. Bg2 0-0 5. 0-0 d6 6. Re1 Nbd7 7. e4 e5 8. Nc3 b6 9. a4 a6 10. b3 Bb7 11. d5 Ne8 12. a5 b5 13. Bg5 Bf6 14. Be3 Be7 15. Qd2 Ng7 16. Bh6 Nf6 17. h3 Kh8 18. Nh2 Ng8 19. Be3 f5 20. f4 Bf6 21. Rad1 Qd7 22. g4 exf4 23. Bxf4 fxg4 24. e5 dxe5 25. Be3 gxh3 26. Bh1 Rad8 27. Qe2 Bc8 28. Ne4 Bh4 29. Rf1 Nf5 30. Bc5 Nd6 31. Ba3 Nf6 32. Nc5 Qe7 33. Ne6 Bxe6 34. Qxe5 Rde8 35. dxe6 Qxe6 36. Qxe6 Rxe6 37. Nf3 Bg3 38. Bb2 Re2 39. Rd2 h2+ 0-1

[Event "FIN-chT 1819"]
[Site "Finland"]
[Date "2019.04.05"]
[Round "9.1"]
[White "Sklyarov, Dmitry V"]
[Black "Yemelin, Vasily"]
[Result "1/2-1/2"]
[WhiteElo "2462"]
[BlackElo "2536"]
[PlyCount "65"]
[EventDate "2018.09.15"]
[EventType "team-tourn"]
[EventRounds "11"]
[EventCountry "FIN"]
[SourceTitle "CBM 189 Extra"]
[Source "ChessBase"]
[SourceDate "2019.05.31"]
[SourceVersion "1"]
[SourceVersionDate "2019.05.31"]
[SourceQuality "1"]
[WhiteTeam "Jyvaskyla JyS"]
[BlackTeam "Helsinki Comeon"]
[WhiteTeamCountry "FIN"]
[BlackTeamCountry "FIN"]

1. d4 Nf6 2. Bf4 d5 3. e3 c5 4. c3 e6 5. Nd2 Bd6 6. Bg3 0-0 7. Bd3 Qc7 8. Bxd6 Qxd6 9. f4 cxd4 10. cxd4 Qb6 11. Qb3 Qxb3 12. Nxb3 b6 13. Rc1 Ba6 14. Bxa6 Nxa6 15. Ke2 Rfc8 16. Nf3 Kf8 17. Nbd2 Ne8 18. g4 Nd6 19. Ne5 f6 20. Nd3 Rxc1 21. Rxc1 Rc8 22. Rxc8+ Nxc8 23. Nb1 Nd6 24. Nc3 Nc7 25. h3 Ke7 26. f5 exf5 27. Nf4 g5 28. Nfxd5+ Nxd5 29. Nxd5+ Ke6 30. Nc7+ Kd7 31. Nd5 Ke6 32. Nc7+ Kd7 33. Nd5 1/2-1/2

[Event "FIN-chT 1819"]
[Site "Finland"]
[Date "2018.12.08"]
[Round "5.1"]
[White "Kulaots, Kaido"]
[Black "Sklyarov, Dmitry V"]
[Result "1/2-1/2"]
[WhiteElo "2542"]
[BlackElo "2462"]
[PlyCount "82"]
[EventDate "2018.09.15"]
[EventType "team-tourn"]
[EventRounds "11"]
[EventCountry "FIN"]
[SourceTitle "CBM 187 Extra"]
[Source "ChessBase"]
[SourceDate "2018.11.04"]
[SourceVersion "1"]
[SourceVersionDate "2018.11.04"]
[SourceQuality "1"]
[WhiteTeam "Salo SalSK"]
[BlackTeam "Jyvaskyla JyS"]
[WhiteTeamCountry "FIN"]
[BlackTeamCountry "FIN"]

1. e4 c5 2. Nf3 Nc6 3. d4 cxd4 4. Nxd4 Nf6 5. Nc3 e5 6. Ndb5 h6 7. Be3 d6 8. Nd5 Nxd5 9. exd5 Ne7 10. c3 Nf5 11. Bxa7 Be7 12. a4 0-0 13. a5 Bd7 14. Bb6 Qc8 15. Be2 Nh4 16. g3 Nf3+ 17. Bxf3 Bxb5 18. Be2 Bxe2 19. Qxe2 Bd8 20. Bxd8 Rxd8 21. 0-0 Qc5 22. Rfd1 Rxa5 23. b4 Qb5 24. Qxb5 Rxb5 25. Kf1 Rc8 26. Ra3 f5 27. Ke2 Kf7 28. Rd3 e4 29. Rd4 Kf6 30. Kd2 Ke5 31. Ra7 g5 32. Kc2 f4 33. gxf4+ gxf4 34. Kb3 Rg8 35. Kc4 Rb6 36. Ra1 Rc8+ 37. Kb3 Ra6 38. Re1 Ra3+ 39. Kb2 Rcxc3 40. Rexe4+ Kf5 41. Rxf4+ Ke5 1/2-1/2

[Event "FIN-chT 1819"]
[Site "Finland"]
[Date "2018.11.11"]
[Round "4.1"]
[White "Goganov, Aleksey"]
[Black "Sklyarov, Dmitry V"]
[Result "1-0"]
[WhiteElo "2597"]
[BlackElo "2462"]
[PlyCount "77"]
[EventDate "2018.09.15"]
[EventType "team-tourn"]
[EventRounds "11"]
[EventCountry "FIN"]
[SourceTitle "CBM 187 Extra"]
[Source "ChessBase"]
[SourceDate "2018.11.04"]
[SourceVersion "1"]
[SourceVersionDate "2018.11.04"]
[SourceQuality "1"]
[WhiteTeam "Tampere Tammer"]
[BlackTeam "Jyvaskyla JyS"]
[WhiteTeamCountry "FIN"]
[BlackTeamCountry "FIN"]

1. d4 Nf6 2. c4 d6 3. Nf3 g6 4. Nc3 Bg7 5. e4 0-0 6. Be2 e5 7. 0-0 exd4 8. Nxd4 Re8 9. f3 Nc6 10. Be3 Nh5 11. Qd2 Nxd4 12. Bxd4 Nf4 13. Rfd1 Bxd4+ 14. Qxd4 Nxe2+ 15. Nxe2 b6 16. Nc3 Bb7 17. Nd5 Bxd5 18. cxd5 Qg5 19. Rac1 Re7 20. Qd2 Qe5 21. Rc4 f5 22. Rdc1 fxe4 23. Rxe4 Qg7 24. Rcc4 Rae8 25. Rxc7 Qf6 26. Rcxe7 Rxe7 27. Rxe7 Qxe7 28. h3 Qe5 29. Kf2 g5 30. b4 h5 31. Qe3 Qxd5 32. Qb3 Qxb3 33. axb3 Kf7 34. f4 Kf6 35. fxg5+ Kxg5 36. g3 h4 37. b5 d5 38. gxh4+ Kxh4 39. Ke3 1-0

[Event "Raahe Linnoitus 60"]
[Site "Raahe"]
[Date "2018.11.03"]
[Round "2"]
[White "Sklyarov, Dmitry V"]
[Black "Jarvenpaa, Jari"]
[Result "1-0"]
[WhiteElo "2461"]
[BlackElo "2273"]
[PlyCount "109"]
[EventDate "2018.11.03"]
[EventType "swiss"]
[EventRounds "5"]
[EventCountry "FIN"]
[SourceTitle "EXT 2022"]
[Source "ChessBase"]
[SourceDate "2021.10.06"]
[SourceVersion "1"]
[SourceVersionDate "2021.10.06"]
[SourceQuality "1"]

1. Nf3 d5 2. g3 e6 3. Bg2 f5 4. 0-0 Nf6 5. d3 Bd6 6. Nc3 0-0 7. e4 dxe4 8. dxe4 e5 9. Qd3 fxe4 10. Nxe4 Kh8 11. Bg5 Na6 12. Nh4 Nb4 13. Qc4 Nc6 14. Rad1 Qe7 15. Nxd6 cxd6 16. Bd5 Qc7 17. Bg2 Bg4 18. Rd2 Qd7 19. c3 Rad8 20. f4 exf4 21. Rxf4 Ne5 22. Qf1 Be6 23. Bxf6 gxf6 24. Rxf6 Qg7 25. Rxf8+ Rxf8 26. Qe1 Qc7 27. Qe3 b6 28. b3 Rc8 29. Rc2 Qg7 30. Qd4 Qc7 31. Nf3 Bf5 32. Re2 Bg6 33. c4 Qc5 34. Rd2 Kg8 35. Qxc5 Nxf3+ 36. Bxf3 dxc5 37. Rd7 a5 38. Rb7 Re8 39. Kf2 Rf8 40. Kg2 Rf6 41. Rd7 Bb1 42. Rd2 Kf8 43. a3 Ke7 44. g4 Rf4 45. Kg3 Rd4 46. Rxd4 cxd4 47. Kf4 Bg6 48. Be4 Bf7 49. Bxh7 a4 50. b4 Bxc4 51. Ke4 Be2 52. g5 d3 53. Ke3 Kd7 54. Bxd3 Bd1 55. Kd4 1-0

[Event "FIN-chT 1819"]
[Site "Finland"]
[Date "2018.09.16"]
[Round "2.1"]
[White "Sklyarov, Dmitry V"]
[Black "Dokutchaev, Aleksander"]
[Result "1/2-1/2"]
[WhiteElo "2462"]
[BlackElo "2402"]
[PlyCount "111"]
[EventDate "2018.09.15"]
[EventType "team-tourn"]
[EventRounds "11"]
[EventCountry "FIN"]
[SourceTitle "CBM 186 Extra"]
[Source "ChessBase"]
[SourceDate "2018.08.24"]
[SourceVersion "1"]
[SourceVersionDate "2018.08.24"]
[SourceQuality "1"]
[WhiteTeam "Jyvaskyla JyS"]
[BlackTeam "Joensuu SK"]
[WhiteTeamCountry "FIN"]
[BlackTeamCountry "FIN"]

1. Nf3 d5 2. g3 c6 3. Bg2 Nf6 4. 0-0 Bg4 5. d4 e6 6. Nbd2 Nbd7 7. b3 Be7 8. Bb2 0-0 9. c4 h6 10. a3 a5 11. Re1 Bf5 12. Ra2 Qb6 13. Bc3 Rfd8 14. c5 Qc7 15. Qa1 Ne4 16. Nxe4 Bxe4 17. b4 a4 18. Bf1 b6 19. cxb6 Qxb6 20. Nd2 Bg6 21. Rc1 Bf6 22. Nf3 Rdc8 23. e3 Be4 24. Nd2 Bg6 25. Nf3 Be4 26. Ne1 Re8 27. Nd3 Qa7 28. Ne5 Rec8 29. Nxd7 Qxd7 30. Be2 Be7 31. Rd2 Qb7 32. Bb2 Rc7 33. Rc3 Bd6 34. Qf1 Qb6 35. Ba1 Rac8 36. Rd1 e5 37. dxe5 Bxe5 38. Rc5 Bd6 39. Ra5 Ra7 40. Bd4 c5 41. Rxa7 Qxa7 42. bxc5 Bxc5 43. Rc1 Rc7 44. Rxc5 Rxc5 45. Qa1 Qc7 46. Bxc5 Qxc5 47. Bd1 Qa5 48. Be2 Qd2 49. Bf1 Bf3 50. Bg2 Bxg2 51. Kxg2 Qd3 52. h4 g6 53. Qb2 Qb3 54. Qc1 d4 55. exd4 Qd5+ 56. Kg1 1/2-1/2

[Event "FIN-chT 1718"]
[Site "Finland"]
[Date "2018.03.10"]
[Round "10.1"]
[White "Sklyarov, Dmitry V"]
[Black "Lehto, Antti"]
[Result "1-0"]
[WhiteElo "2449"]
[BlackElo "2201"]
[PlyCount "117"]
[EventDate "2017.09.16"]
[EventType "team-tourn"]
[EventRounds "11"]
[EventCountry "FIN"]
[SourceTitle "EXT 2019"]
[Source "ChessBase"]
[SourceDate "2018.10.10"]
[SourceVersion "1"]
[SourceVersionDate "2018.10.10"]
[SourceQuality "1"]
[WhiteTeam "Jyvaskyla JyS"]
[BlackTeam "Helsinki HSK"]
[WhiteTeamCountry "FIN"]
[BlackTeamCountry "FIN"]

1. Nf3 Nf6 2. g3 b6 3. Bg2 Bb7 4. d3 d5 5. 0-0 Nbd7 6. b3 e6 7. Bb2 Be7 8. Nbd2 0-0 9. Re1 Nc5 10. c4 a5 11. Qc2 c6 12. Rac1 b5 13. Ne5 Rc8 14. Qb1 Nfd7 15. Qa1 Nxe5 16. Bxe5 Bf6 17. Bxf6 Qxf6 18. Qxf6 gxf6 19. d4 Na6 20. e3 Rc7 21. Bf1 Rfc8 22. c5 Rd7 23. a4 b4 24. Bd3 Nc7 25. Nf3 Ba6 26. Bc2 Kg7 27. g4 h6 28. h3 Rdd8 29. Kh2 Rh8 30. Rg1 Rcd8 31. Nh4 Kf8 32. f4 Re8 33. Rce1 Bb7 34. Nf3 Ke7 35. h4 Reg8 36. h5 Rg7 37. Kh3 Rgg8 38. Kh4 Ne8 39. Kg3 f5 40. Kh4 fxg4 41. Rxg4 Rxg4+ 42. Kxg4 Rg8+ 43. Kh4 Nf6 44. Rg1 Rxg1 45. Nxg1 Ba6 46. Nf3 Bb7 47. Ne5 Ke8 48. Bd3 Ke7 49. f5 Ke8 50. fxe6 fxe6 51. Bg6+ Ke7 52. Kg3 Nd7 53. Ng4 Ba6 54. Kf3 e5 55. Nxh6 e4+ 56. Kf4 Bc4 57. Nf5+ Kf6 58. bxc4 b3 59. Nd6 1-0

[Event "FIN-chT 1718"]
[Site "Finland"]
[Date "2017.10.22"]
[Round "4.2"]
[White "Sklyarov, Dmitry V"]
[Black "Kochyev, Alexander"]
[Result "1/2-1/2"]
[WhiteElo "2449"]
[BlackElo "2376"]
[PlyCount "69"]
[EventDate "2017.09.16"]
[EventType "team-tourn"]
[EventRounds "11"]
[EventCountry "FIN"]
[SourceTitle "EXT 2019"]
[Source "ChessBase"]
[SourceDate "2018.10.10"]
[SourceVersion "1"]
[SourceVersionDate "2018.10.10"]
[SourceQuality "1"]
[WhiteTeam "Jyvaskyla JyS"]
[BlackTeam "Kotka KymS"]
[WhiteTeamCountry "FIN"]
[BlackTeamCountry "FIN"]

1. e4 c5 2. Be2 Nc6 3. f4 g6 4. Nf3 Bg7 5. 0-0 d6 6. d3 Nf6 7. Qe1 e6 8. Kh1 0-0 9. c3 b5 10. a3 Rb8 11. Be3 a5 12. Nbd2 Ng4 13. Bg1 f5 14. e5 dxe5 15. fxe5 Ngxe5 16. Bxc5 Re8 17. Nxe5 Nxe5 18. Qg3 Nd7 19. Bd6 Rb7 20. Bf3 Ra7 21. Rae1 Bb7 22. d4 Bxf3 23. Rxf3 Nf6 24. Be5 Rf7 25. h3 Bh6 26. Qf2 Nd7 27. Bf4 Bxf4 28. Rxf4 Rfe7 29. Nf3 e5 30. dxe5 Nxe5 31. Nxe5 Rxe5 32. Rxe5 Rxe5 33. Rd4 Qe7 34. Kh2 Re2 35. Rd8+ 1/2-1/2

[Event "FIN-chT 1617"]
[Site "Finland"]
[Date "2017.03.12"]
[Round "11.2"]
[White "Miezis, Normunds"]
[Black "Sklyarov, Dmitry V"]
[Result "1/2-1/2"]
[WhiteElo "2503"]
[BlackElo "2437"]
[PlyCount "56"]
[EventDate "2016.09.17"]
[EventType "team-tourn"]
[EventRounds "11"]
[EventCountry "FIN"]
[SourceTitle "EXT 2018"]
[Source "ChessBase"]
[SourceDate "2017.10.13"]
[SourceVersion "1"]
[SourceVersionDate "2017.10.13"]
[SourceQuality "1"]
[WhiteTeam "Helsinki Aatos"]
[BlackTeam "Jyvaskyla JyS"]
[WhiteTeamCountry "FIN"]
[BlackTeamCountry "FIN"]

1. c4 e6 2. g3 d5 3. Bg2 Nf6 4. Nf3 dxc4 5. Qa4+ Bd7 6. Qxc4 c5 7. Ne5 Qc8 8. Nc3 Nc6 9. Nxd7 Qxd7 10. 0-0 Rc8 11. Qa4 Be7 12. d3 0-0 13. Be3 Rfd8 14. Rac1 a6 15. Rfe1 h6 16. a3 e5 17. Ne4 Nxe4 18. Bxe4 f5 19. Bg2 Nd4 20. Qc4+ Kh8 21. Qf7 Rf8 22. Qd5 Qxd5 23. Bxd5 Rc7 24. a4 Rd8 25. Bg2 a5 26. Rc4 b6 27. Bh3 Rf8 28. f4 Bd6 1/2-1/2